000 00715nam a2200241Ia 4500
008 160319s9999 xx 000 0 und d
020 _a978-971-98-0140-5
050 _aFIL PE 1127.N3
050 _b.R69 2014
100 _aRoxas, Jundee B.
245 _aMaritime English today :
245 _benchancing grammar and thinking skills /
245 _cJundee B. Roxas.
260 _aQuezon City:
260 _bC&E Publishing, Inc.
260 _c2014
300 _a363 pages :
300 _billustrations ;
300 _c26 cm.
500 _aIncludes bibliographical references.
650 _aEnglish language -- Conversation and phrase book (for sailors).
650 _xEnglish language -- Grammar.
999 _c291751
_d291751